Gavotte für Violine (oder Violoncell) und Klavier /

Hlavní autor: Gossec, François-Joseph, 1734-1829
Další autoři: Burmester, Willy, 1869-1933
Jazyk: Nelze použít, není lingvistický obsah
Vydáno: Berlin : Schlesingerschen Buch- und Musikhandlung (Rob. Lienau), c1907
Edice: Stücke alter Meister
Fyzický popis: 1 partitura (3 s.) + 1 hlas ([1] s.)
Hudebniny Hudebniny
Uloženo v:
LEADER 01043ncm a2200253 a 4500
001 000718200
003 CZ BrMZK
005 20150902112537.0
007 qu
008 040526s1907 gw e zxx d
040 |a BOA001  |b cze 
072 7 |a 787  |x Hudba pro strunné a smyčcové nástroje  |2 Konspekt  |9 9 
100 1 |a Gossec, François-Joseph,  |d 1734-1829  |7 mzk2003182492  |4 cmp 
245 1 0 |a Gavotte  |h [hudebnina] :  |b für Violine (oder Violoncell) und Klavier /  |c Frz. Jos. Gossec ; bearb. v. Willy Burmester 
260 |a Berlin :  |b Schlesingerschen Buch- und Musikhandlung (Rob. Lienau),  |c c1907 
300 |a 1 partitura (3 s.) + 1 hlas ([1] s.) 
490 1 |a Stücke alter Meister ;  |v No. 26 
510 4 |a [Winiker, C. Haupt-Katalog der Musikalien-Leih-Anstalt,  |c 57027] 
700 1 |a Burmester, Willy,  |d 1869-1933  |7 xx0014221  |4 adp 
830 0 |a Stücke alter Meister 
910 |a BOA001  |b Mus4-0210.428,26 
990 |a MU 
991 |b 201304 
996 6 |b 2619201977  |c Mus4-0210.428,26  |l MZK  |r Sklad / do 1 hodiny  |n 1  |p W  |w 000718200  |u 000010  |a 1  |e BOA001  |j MZK50  |s P